000 00912nam a22002897a 4500
999 _c21232
_d21232
003 AR-CdUCM
008 190321b ||||| |||| 00| 0 spa d
020 _a9789972471827
040 _aMUNICIPALIDAD PROVINCIAL DEL CUSCO
_cBIBLIOTECA MUNICIPAL DEL CUSCO
082 _a599.736 / C41
_bC41
100 _aCcana, Ernesto
_944349
245 _aTécnicas apropiadas de esquila en alpacas /
260 _aLima :
_bSoluciones practicas,
_c2008.
300 _a36 páginas ;
_bIlustraciones,
_c20 cm.
505 _aContenido: Esquila de alpacas ...
650 _aAuquenidos
_922127
650 _aAlpacas
_919708
650 _aFibras
_922800
650 _aCamelidae
_944350
650 _aEsquila
_944351
650 _aComercialización
_910604
650 _aReproducción de alpacas
_944347
650 _aCamelidos sudamericanos
_944123
650 _aCusco Perú
_944348
942 _2ddc
_cLIBROS
945 _aRoel